| 000 | 00878nam a2200229 a 4500 | ||
|---|---|---|---|
| 003 | CO-ViMGA | ||
| 005 | 20230915233134.0 | ||
| 008 | 141226s2015 ck a jr 0011j spa d | ||
| 020 | _a9789588699653 | ||
| 040 |
_aCO-ViMGA _bspa _cCO-ViMGA |
||
| 090 | _aN SENE | ||
| 100 | 1 | 0 |
_aSennett, Richard _d1943- _925057 |
| 245 | 1 | 0 |
_aEl extranjero _bdos ensayos sobre el exilio _cRichard Sennett ; traduccion de Marco Aurelio Galmarini |
| 250 | _aEdicion especial para El Ministerio de Cultura, Biblioteca Nacional de Colombia | ||
| 260 |
_aBogota _bAnagrama _c2015 |
||
| 300 |
_a131 paginas _bilustraciones _c23 cm. |
||
| 650 | 1 | 4 |
_aExilio en la literatura _2LEMB _925058 |
| 650 | 1 | 4 |
_aLiteratura estadounidense _2LEMB _ySiglo XX _94032 |
| 650 | 1 | 4 |
_aMigracion e inmigracion en la literatura _2LEMB _925059 |
| 650 | 1 | 4 |
_aNovela estadounidense _2LEMB _ySiglo XX _94031 |
| 942 |
_2ddc _cBK |
||
| 999 |
_c4045 _d4045 |
||